Una historia de la música contemporánea

Salvato in:
Dettagli Bibliografici
Autore principale: Pablo, Luis de (autor)
Natura: Libro
Lingua:spagnolo
Pubblicazione: Bilbao, España Fundación BBVA 2009
Soggetti:
Tags: Aggiungi Tag
Nessun Tag, puoi essere il primo ad aggiungerne!!

MARC

LEADER 00000nam a2200000 a 4500
001 UCG1962
003 CL-VaPUC
005 20230105100101.0
008 100531e20091000SP |||||||||||||||||spa|d
999 |c 341209  |d 341207 
020 |a 9788496515987 
040 |c Pontificia Universidad Católica de Valparaíso 
082 0 4 |a 780.9 PAB 2009  |2 21 
100 |a Pablo, Luis de  |e autor  |9 550106 
245 1 4 |a Una historia de la música contemporánea 
260 |a Bilbao, España  |b Fundación BBVA  |c 2009 
300 |a 93 páginas 
583 |a last modification  |c 20100531 00:00:00  |k Rodrigo Vera 
650 0 |a Música  |9 306269 
650 0 |a Historia de la música  |9 306741 
650 0 |a Música contemporánea  |9 306742 
942 |c BK  |2 ddc 
945 |d 20100531 00:00:00  |a dcastane 
952 |0 0  |1 0  |2 ddc  |4 0  |6 780_900000000000000_PAB_2009  |7 0  |8 R  |9 436552  |a BIBEDU  |b BIBEDU  |d 2019-11-22  |i 4680111  |l 3  |o 780.9 PAB 2009  |p 4680111  |r 2023-01-12  |s 2022-05-17  |t 1  |w 2019-11-22  |y BK_R  |k MUS